The Race Across America / (Record no. 34219)
[ view plain ]
| 000 -LEADER | |
|---|---|
| fixed length control field | 00683nam a22002297a 4500 |
| 003 - CONTROL NUMBER IDENTIFIER | |
| control field | OSt |
| 005 - DATE AND TIME OF LATEST TRANSACTION | |
| control field | 20140310184420.0 |
| 008 - FIXED-LENGTH DATA ELEMENTS--GENERAL INFORMATION | |
| fixed length control field | 131008t xxu||||| |||| 00| 0 eng d |
| 020 ## - INTERNATIONAL STANDARD BOOK NUMBER | |
| International Standard Book Number | 0545021375 |
| 050 ## - LIBRARY OF CONGRESS CALL NUMBER | |
| Classification number | PZ 7 |
| Item number | .St857Raa 2009 |
| 100 ## - MAIN ENTRY--PERSONAL NAME | |
| Personal name | Stilton, Geronimo |
| 245 ## - TITLE STATEMENT | |
| Title | The Race Across America / |
| Statement of responsibility, etc | Stilton, Geronimo |
| 260 ## - PUBLICATION, DISTRIBUTION, ETC. (IMPRINT) | |
| Place of publication, distribution, etc | New York : |
| Name of publisher, distributor, etc | Scholastic Inc., |
| Date of publication, distribution, etc | 2009. |
| 300 ## - PHYSICAL DESCRIPTION | |
| Extent | 110p. : |
| Other physical details | col. ill. ; |
| 521 ## - TARGET AUDIENCE NOTE | |
| Target audience note | |
| 526 ## - STUDY PROGRAM INFORMATION NOTE | |
| Reading level | 670 |
| 650 ## - SUBJECT ADDED ENTRY--TOPICAL TERM | |
| Topical term or geographic name as entry element | Stilton, Geronimo (Fictitious character) |
| General subdivision | Juvenile fiction. |
| 9 (RLIN) | 26639 |
| 650 ## - SUBJECT ADDED ENTRY--TOPICAL TERM | |
| Topical term or geographic name as entry element | Mice |
| General subdivision | Juvenile fiction. |
| 9 (RLIN) | 26640 |
| 650 ## - SUBJECT ADDED ENTRY--TOPICAL TERM | |
| Topical term or geographic name as entry element | Bicycle racing |
| General subdivision | Juvenile fiction. |
| 9 (RLIN) | 26641 |
| 942 ## - ADDED ENTRY ELEMENTS (KOHA) | |
| Source of classification or shelving scheme | Library of Congress Classification |
| Koha item type | |
| Withdrawn status | Lost status | Source of classification or shelving scheme | Damaged status | Home library | Current library | Shelving location | Date acquired | Total Checkouts | Full call number | Barcode | Date last seen | Date checked out | Copy number | Price effective from | Koha item type |
|---|---|---|---|---|---|---|---|---|---|---|---|---|---|---|---|
| Library of Congress Classification | Luxembourg Library | Luxembourg Library | Scholastic Reading Center Section | 10/08/2013 | 1 | PZ 7 .St857Raa 2009 | LEX1128 | 04/18/2017 | 02/04/2015 | 1 | 10/08/2013 | Books |